000 01471nam0a2200313 4500
001 RU\NLR\bibl\1302112
005 20260405181431.0
035 _a(NLR Aleph) 001287685
090 _a539271
_c539271
100 _a20081203d2008 |||y0rusy50 ca
101 0 _arus
102 _aRU
105 _ay |||||||||
200 1 _aЗабытый зодчий
_eСавва Иванович Чевакинский (1709-1779)
_eк 300-летию со дня рождения
_fВ.В. Смирнов
210 _aВышний Волочек
_c[Б. и.]
_d2008
215 _a23 с.
_cил., портр., факс.
_d20
316 _aС автогр. авт.
_5NLR
316 _aавтограф
_5NLR:2008-4/19537
320 _aБиблиогр. в тексте примеч.
600 1 _aЧевакинский
_bС.И.
_fок. 1713 - ок. 1780
_gСавва Иванович
_91042813
_3RU\NLR\auth\6683851
686 _aЩ113(2Р=Рус)44-8Чевакинский
700 1 _4070
_8rus
_7ca
_aСмирнов
_bВ. В.
_cбиограф, краевед
_f1956-
_gВладимир Васильевич
_3RU\NLR\AUTH\7772491
_955419
702 1 _4570
_8rus
_7ca
_aЧевакинский
_bС. И.
_fок.1713-ок.1780
_gСавва Иванович
_3RU\NLR\AUTH\7778296
_961224
801 0 _aRU
_bNLR
_c20081203
_gRCR
801 1 _aRU
_bNLR
_c20081203
942 _cBOOK
980 _aNB